| 000 | 00487nam a2200193Ia 4500 | ||
|---|---|---|---|
| 008 | 180523s9999 xx 000 0 und d | ||
| 020 | _a978-0-471-79451-1 | ||
| 050 | _aMAIN QC 23.2 | ||
| 050 | _b.C88 2007 c.1 | ||
| 100 | _aCutnell, John D. | ||
| 245 | 0 | _aPhysics / | |
| 245 | 0 | _cJohn D. Cutnell & Kenneth W. Johnson. | |
| 250 | _a7th Edition | ||
| 260 | _bJohn Wiley & Sons, | ||
| 260 | _c2007 | ||
| 300 | _a1064 pages : | ||
| 300 | _c26 cm. | ||
| 500 | _aIncludes index. | ||
| 999 |
_c357524 _d357524 |
||